00801 2200277 4500001002100000005001500021020002200036035002400058040001200082082001400094084001400108090001400122100002000136245011000156250001100266260004300277300003300320500005200353650001800405700002400423700001600447850001200463990001600475990001600491990001600507YOGYA00000000010033820140823125451 a978-602-19149-1-5 0010-111300000000454 aYOPDYOG 2[22]a809 a809 Sai D a809 Sai D aSAID, Edward W. aDunia, teks dan [Sang] kritikuscEdward W. Said ; penerjemah, Sunaryono Basuki Ks. ; editor, Jiwa Atmaja. aCet.1. aDenpasarb: Bali Media Adhikarsac2012 avi, 395 hlm.c23 cm (3 eks.) aJudul asli : The world, the text and the critic aSastra-kritik aSunaryono Basuki Ks aJiwa Atmaja aYOPDYOG a3395/B.2013 a3396/B.2013 a3397/B.2013